000 00425nam a2200181 i 4500
001 bg
100 1 _aBIELECKI, Jan
_d(?-2001).
245 0 _aTurbo Pascal :
_bwersja 3.0 /
_cJan Bielecki.
260 _aWarszawa,
_c1987.
490 1 _aMikrokomputery
650 9 _aPascal
830 _aMikrokomputery
040 _cBPK
041 _apol
080 _a004.438
942 _cKS
008 s pl f |000 0 pol
999 _c23720
_d23720
856 _uhttp://koha.tu.koszalin.pl/cgi-bin/koha/opac-detail.pl?biblionumber=23720
_yKatalog online BPK